Kumudini / (Record no. 24374)

MARC details
000 -LEADER
fixed length control field 02523nam a22003257a 4500
008 - FIXED-LENGTH DATA ELEMENTS--GENERAL INFORMATION
fixed length control field 081105t xxu||||| |||| 00| 0 eng d
010 ## - LCCN (DPL NO)
LC control number B-340675-682
020 ## - INTERNATIONAL STANDARD BOOK NUMBER
International Standard Book Number 8126024399
Terms of availability 40.00
020 ## - INTERNATIONAL STANDARD BOOK NUMBER
International Standard Book Number 9798126024390
Terms of availability 40.00
035 ## - SYSTEM CONTROL NUMBER
System control number B-340675-682
037 ## - SOURCE OF ACQUISITION
Source of stock number/acquisition North India Publishers & Distributors
040 ## - CATALOGING SOURCE
Original cataloging agency dpl
Language of cataloging English
082 ## - DEWEY DECIMAL CLASSIFICATION NUMBER
Classification number 871.092
100 ## - MAIN ENTRY--PERSONAL NAME
Personal name Prema Nandakumar
245 ## - TITLE STATEMENT
Title Kumudini /
Statement of responsibility, etc by Prema Nandakumar
260 ## - PUBLICATION, DISTRIBUTION, ETC. (IMPRINT)
Place of publication, distribution, etc New Delhi
Name of publisher, distributor, etc Sahitya Akademi
Date of publication, distribution, etc 2008
270 ## - ADDRESS
Address Rabindra Bhawan, 35 Ferozeshah Road,
City New Delhi
Postal code 110001
300 ## - PHYSICAL DESCRIPTION
Extent viii,136 p.
Dimensions 21cm. (pbk)
490 ## - SERIES STATEMENT
Series statement Makers of Indian literature
942 ## - ADDED ENTRY ELEMENTS (KOHA)
Source of classification or shelving scheme Dewey Decimal Classification
Item type English Books
Call number suffix PRE
Classification part 871.092
Holdings
Withdrawn status Lost status Source of classification or shelving scheme Damaged status Not for loan Collection code Home library Current library Date acquired Source of acquisition Cost, normal purchase price Total Checkouts Full call number Barcode Date last seen Copy number Cost, replacement price Koha item type
    Dewey Decimal Classification     Non-fiction Central Library Central Library 25/02/2009 North India Pub./NIP30/09/9.6.09/52/5.6.09/17.6.09 40.00   871.092 NAN B-340675 25/02/2009 1 40.00 English Books
    Dewey Decimal Classification     Non-fiction Janak Puri Janak Puri 03/11/2009 North India Pub./NIP30/09/9.6.09/52/5.6.09/17.6.09 40.00   871.092 PRE B-340678 03/11/2009 1 40.00 English Books
    Dewey Decimal Classification     Non-fiction Karol Bagh Karol Bagh 03/11/2009 North India Pub./NIP30/09/9.6.09/52/5.6.09/17.6.09 40.00   871.092 PRE B-340680 03/11/2009 1 40.00 English Books
    Dewey Decimal Classification     Non-fiction Narela Narela 03/11/2009 North India Pub./NIP30/09/9.6.09/52/5.6.09/17.6.09 40.00   871.092 PRE B-340681 03/11/2009 1 40.00 English Books
    Dewey Decimal Classification     Non-fiction Patel Nagar Patel Nagar 03/11/2009 North India Pub./NIP30/09/9.6.09/52/5.6.09/17.6.09 40.00   871.092 PRE B-340676 03/11/2009 1 40.00 English Books
    Dewey Decimal Classification     Non-fiction Peshwa Road Peshwa Road 03/11/2009 North India Pub./NIP30/09/9.6.09/52/5.6.09/17.6.09 40.00   871.092 PRE B-340677 03/11/2009 1 40.00 English Books
    Dewey Decimal Classification     Non-fiction Sarojini Nagar Sarojini Nagar 03/11/2009 North India Pub./NIP30/09/9.6.09/52/5.6.09/17.6.09 40.00 1 871.092 PRE B-340679 10/11/2020 1 40.00 English Books
    Dewey Decimal Classification     Non-fiction Shahdara Branch Shahdara Branch 03/11/2009 North India Pub./NIP30/09/9.6.09/52/5.6.09/17.6.09 40.00   871.092 PRE B-340682 03/11/2009 1 40.00 English Books

© Delhi Public Library
Hit Counter
free hit counter